| 000 | 00625nam a2200157 i 4500 | ||
|---|---|---|---|
| 001 | 152390 | ||
| 003 | ES-MaACL | ||
| 005 | 20250811063146.0 | ||
| 008 | 931025s1883 sp |||| | spa d | ||
| 100 | 1 |
_aBorbón, Paz de, _cInfanta de España, _d1862-1946 _9126079 |
|
| 245 | 1 | 0 | _aPoesías de Paz de Borbón. |
| 260 |
_aMadrid : _b[s.n.], _c1883 ( _fSuc. de Rivadeneyra) |
||
| 300 |
_a35 p. ; _c23 cm. |
||
| 852 |
_aES-MaACL _jT-930-F-3 _z-- Enc. hol., conservando la cub. original _z-- Enc. en un vol. facticio _z.- Donat. Biblioteca de Palacio, con sello cambio-duplicado Real Biblioteca |
||
| 999 |
_c152390 _d152390 |
||